|
|
|
|
| LEADER |
00000nam0a2200000 4500 |
| 001 |
225198 |
| 005 |
20231101230640.0 |
| 035 |
|
|
|a (RuTPU)RU\TPU\book\245533
|
| 090 |
|
|
|a 225198
|
| 100 |
|
|
|a 20121107d1910 m y0rusy50 ca
|
| 101 |
1 |
|
|a fre
|
| 102 |
|
|
|a RU
|
| 105 |
|
|
|a y z 000zy
|
| 200 |
1 |
|
|a Основные начала биологии
|f Ф.-А. Ле-Дантек
|g под ред. В. А. Базарова ; пер. со 2-го французского издания Э. Стиглис
|
| 210 |
|
|
|a СПб.
|c Издание Товарищества "Знание"
|c Типография Первой СПб. Трудовой Артели
|d 1910
|
| 215 |
|
|
|a VII, 171 с.
|
| 316 |
|
|
|5 63413507: 24//421
|a На титульном листе штамп книжного манггазина П. И. Макушина в Томске.
|
| 317 |
|
|
|5 63413507: 24//421
|a Поступила в НТБ 2.12.1915 г. по заказу профессора М. А. Усова.
|
| 610 |
1 |
|
|a биология
|
| 610 |
1 |
|
|a биологические методы
|
| 675 |
|
|
|a 57
|v 3
|
| 700 |
|
1 |
|a Ле-Дантек
|b Ф.-А.
|c французский биолог
|c философ
|c профессор Сорбонны
|f 1869-1917
|g Феликс Александр
|2 stltpush
|3 (RuTPU)RU\TPU\pers\30105
|9 14512
|
| 702 |
|
1 |
|a Базаров
|b В. А.
|c настоящая фамилия Руднев
|c русский философ
|c экономист
|c социал-демократ
|f 1874-1939
|g Владимир Александрович
|2 stltpush
|3 (RuTPU)RU\TPU\pers\29568
|4 340
|9 14103
|
| 702 |
|
1 |
|a Стиглис
|b Э.
|4 730
|
| 801 |
|
1 |
|a RU
|b 63413507
|c 20121107
|
| 801 |
|
2 |
|a RU
|b 63413507
|c 20121107
|g RCR
|
| 942 |
|
|
|c BK
|